000 01395cam a2200361 a 4500
003 CHAP
005 20220817044121.0
008 060824d1999 mx r 10100 spa d
010 _a92566
011 _a93538
020 _a9686201483
035 _a104114
040 _cCHAP
082 0 4 _a551.577
_bR4 1999
111 2 _aReunión Nacional sobre Sistemas de Captación de Agua de Lluvia
_n(6 :
_d1999 :
_cXalapa, Ver.)
_996596
245 1 0 _aMemorias de la reunion nacional sobre sistemas de captación de agua de lluvia
_c/ed. por Manuel Anaya Garduño y David Rivera Olivar
260 _aMontecillo, Méx. :
_bColegio de Postgraduado en Ciencias Agrícolas. Instituto de Recursos Naturales,
_c1999.
300 _a363 p.
590 _aBATCH-UPD
_b10
_c20130110
_lUCH01
_h0100
590 _aBATCH-UPD
_b10
_c20130111
_lUCH01
_h0001
590 _aBATCH-UPD
_b10
_c20130409
_lUCH01
_h2050
590 _aBATCH-UPD
_b10
_c20130410
_lUCH01
_h1201
590 _aBATCH-UPD
_b10
_c20130914
_lUCH01
_h0324
590 _aCONVERSION
_b10
_c20130109
_lUCH01
_h1351
650 1 4 _aAgua de lluvia
_xAlmacenamiento.
_92413
650 1 4 _aAgua de lluvia
_xAprovechamiento.
700 0 _aAnaya Garduño, Manuel
_eed.
_95501
700 0 _aRivera Olivar, David
_eed.
_997710
901 _aBK
905 _aLilia Sánchez G.
942 _cLIBRO
949 _a551.577 R4 1999
_bBC
_cCONG
_d33724000993036
_eCONG
_h108145
_i104114
_sb
999 _c92566
_d92566